Empúries
Publicado:
Empúries :
Conjunt Monumental d'Empúries, Organisme Autònom, Diputació de Barcelona, [1994?]
Descripción Física:
1 carpeta amb tres dossiers ; 31 cm
Materias:
Empúries (Ciutat antiga)
MARC
| LEADER | 00000nam a2200000Ia 4500 | ||
|---|---|---|---|
| 001 | 15134 | ||
| 008 | 160829s9999 xx 000 0 cat d | ||
| 080 | |a FU-34-24 | ||
| 245 | |a Empúries | ||
| 260 | |a Empúries : |b Conjunt Monumental d'Empúries, Organisme Autònom, Diputació de Barcelona, [1994?] | ||
| 300 | |a 1 carpeta amb tres dossiers ; |c 31 cm | ||
| 590 | |a Conté: Recull de premsa : Conjunt Monumental d'Empúries | ||
| 590 | |a Empúries : un projecte cultural en marxa / Jordi Pardo | ||
| 590 | |a Carta de l'Ambaixada dels Estats Units d'Amèrica adreçada al Sr. Jordi Pardo Rodríguez. | ||
| 590 | |a Text en català, castellà i anglès | ||
| 651 | 0 | |a Empúries (Ciutat antiga) |9 54667 | |
| 710 | 2 | |a Conjunt Monumental d'Empúries |9 54669 | |
| 901 | |a Arxiu | ||
| 942 | |n 1 | ||
| 952 | |0 0 |1 0 |4 0 |6 FU3424 |7 1 |9 44384 |a Arxiu |b Arxiu |d 2016-12-01 |l 0 |o FU-34-24 |p 15134 |r 2016-12-01 00:00:00 |w 2016-12-01 |y ARXIU | ||
| 999 | |c 46965 |d 46965 | ||